Topology for analysis /
Guardado en:
| Autor Principal: | |
|---|---|
| Formato: | Libro |
| Idioma: | English |
| Publicado: |
Malabar, Fla. :
Robert E. Krieger,
1983, c1970.
|
| Materias: | |
| Etiquetas: |
Agregar Etiqueta
Sin Etiquetas, Sea el primero en etiquetar este registro!
|
| LEADER | 01110pam a2200229 a 4500 | ||
|---|---|---|---|
| 001 | MAT.inmabb003700 | ||
| 008 | 810220r19831970flu######b####001#0#eng## | ||
| 005 | 20130226130123.0 | ||
| 245 | 1 | 0 | |a Topology for analysis / |c Albert Wilansky. |
| 260 | |a Malabar, Fla. : |b Robert E. Krieger, |c 1983, c1970. | ||
| 300 | |a xiii, 383 p. ; |c 24 cm. | ||
| 500 | |a "Reprint with corrections." Publicado originalmente: Waltham, Mass. : Ginn, 1970. | ||
| 504 | |a Bibliografía: p. 369-373. | ||
| 505 | 0 | |a 1. Introduction -- 2. Topological space -- 3. Convergence -- 4. Separation axioms -- 5. Topological concepts -- 6. Sup, weak, product, and quotient topologies -- 7. Compactness -- 8. Compactification -- 9. Complete semimetric space -- 10. Metrization -- 11. Uniformity 12. Topological groups -- 13. Function spaces -- 14. Miscellaneous topics -- Appendix: Tables of theorems and counterexamples. | |
| 510 | 4 | |a MR, |c 56 #9468 | |
| 020 | |a 0898743435 | ||
| 100 | 1 | |a Wilansky, Albert. | |
| 650 | 0 | |a Topology. | |
| 084 | |a 54-01 |2 msc2000 | ||
| 010 | |a 81001616 | ||
| 040 | |a DLC |c DLC |d DLC | ||
| 859 | |h 54 |i W664 |p A-7129 |b BIB. MATEMATICA | ||
